LEADER 01427nam a2200289 i 4500 001 000000219739 003 CaOOAMICUS 005 20130408000000.0 008 130408s2012 it u000 u ita u 013 $a198636 020 $a978-88-7402-779-8 040 $aSeMil$bita 100 1 $aCiccopiedi, Caterina.$0(OLS)http://semarc/name/77095 245 10$aDiocesi e riforme nel medioevo :$borientamenti ecclesiastici e religiosi dei vescovi nel Piemonte dei secoli 10. e 11. /$cCaterina Ciccopiedi. 260 $aCantalupa (TO) :$bEffatà,$c2012. 300 $a142 p. ;$c24 cm. 490 0 $aStudia taurinensia ;$v39 650 4$aPiemonte - Storia religiosa.$0(OLS)http://semarc/subject/28245 650 4$aVescovi piemontesi - Sec. 10.-11.$0(OLS)http://semarc/subject/40536 650 4$aPiemonte - Storia ecclesiastica - Medioevo.$0(OLS)http://semarc/subject/40537 830 0$aStudia taurinensia ;$v39.$0(OLS)http://semarc/title/9742 850 $aSeMil 852 $aSeMil$W1$xVenegono$y1$m2KA Z 39$j231114$B170100$CSeMilBibl$Z2$F180879 $81 961 $aSottoscrizione: Effatà 996 $6020$a978-88-7402-779-8$9(OLS)http://semarc/number/217968 996 $6245$aDiocesi e riforme nel medioevo :$borientamenti ecclesiastici e religiosi dei vescovi nel Piemonte dei secoli 10. e 11.$9(OLS)http://semarc/title/315207 996 $6260$aCantalupa (TO) :$bEffatà$9(OLS)http://semarc/publisher/32483 LEADER 01052nam a2200229 i 4500 001 000000232237 003 CaOOAMICUS 005 20140822000000.0 008 140822s1964 xx u000 u ger u 013 $a211140 040 $aSeMil$bita 245 14$aDer Jakobusbrief /$causlegung von Franz Mußner. 260 $aFreiburg ; Basel ; Wien :$bHerder,$c1964. 300 $aXXVIII, 237 p. ;$c24 cm. 490 0 $aHerders theologischer Kommentar zum Neuen Testament ;$v13.1 650 4$aBibbia. Nuovo Testamento. Lettera di Giacomo - Commentari, studi, critica, interpretazioni.$0(OLS)http://semarc/subject/15503 700 1 $aMußner, Franz <1916- >.$0(OLS)http://semarc/name/9762 830 0$aHerders theologischer Kommentar zum Neuen Testament ;$v13.1.$0(OLS)http://semarc/title/343 850 $aSeMil 852 $aSeMil$W1$xVenegono$y1$m2WA R 13/1$j269508$B182583$CSeMilBibl$Z2$F193605 $81 996 $6245$aDer Jakobusbrief$9(OLS)http://semarc/title/331396 996 $6260$aFreiburg ; Basel ; Wien :$bHerder$9(OLS)http://semarc/publisher/29643